|
|
|
|
| LEADER |
01081nam a2200313 a 4500 |
| 001 |
3810 |
| 003 |
BD-DhAAL |
| 005 |
20150324103006.0 |
| 008 |
150324s1999 nyua b 001 0 eng d |
| 010 |
|
|
|a 00269517
|
| 015 |
|
|
|a GB99-X5252
|
| 020 |
|
|
|a 0198742584
|
| 020 |
|
|
|a 0198742576 (pbk)
|
| 040 |
|
|
|a UKM
|c UKM
|d EYE
|d DLC
|
| 050 |
0 |
0 |
|a QA76.9.C66
|b C573 1999
|
| 082 |
|
|
|a 384.3
|
| 245 |
0 |
0 |
|a Computer media and communication :
|b a reader /
|c edited by Paul Mayer.
|
| 260 |
|
|
|a New York:
|b Oxford University Press,
|c 1999.
|
| 300 |
|
|
|a xiv, 340 p. :
|b ill. ;
|c 24 cm.
|
| 504 |
|
|
|a Includes bibliographical references and index.
|
| 541 |
|
|
|e 3810
|
| 650 |
|
0 |
|a Computers and civilization.
|9 10079
|
| 650 |
|
0 |
|a Telecommunication.
|9 10080
|
| 650 |
|
0 |
|a Digital communications.
|9 10081
|
| 650 |
|
0 |
|a Cyberspace.
|9 10082
|
| 700 |
1 |
|
|a Mayer, Paul A.,
|d 1965-
|9 10083
|
| 942 |
|
|
|2 ddc
|c BK
|
| 999 |
|
|
|c 34149
|d 34149
|
| 952 |
|
|
|0 0
|1 0
|2 ddc
|4 0
|6 384_300000000000000_COM
|7 0
|9 53282
|a SCL
|b SCL
|c GEN
|d 2015-03-24
|e Gift: The British Council
|l 0
|o 384.3 COM
|p 3020003810
|r 2015-03-24
|t 1
|w 2015-03-24
|y BK
|